[Event "FRA-chT2"]
[Site "France"]
[Date "2002.02.??"]
[Round "7"]
[White "Rouillon, Magalie"]
[Black "Cario, Morgane"]
[Result "1-0"]
[WhiteElo "1810"]
[BlackElo "1830"]
[PlyCount "79"]
[EventDate "2002.??.??"]
[EventType "team"]
[EventRounds "11"]
[EventCountry "FRA"]
[SourceTitle "EXT 2003"]
[Source "ChessBase"]
[SourceDate "2002.11.25"]
[SourceVersion "1"]
[SourceVersionDate "2002.11.25"]
[SourceQuality "1"]

1. d4 f5 2. c4 Nf6 3. Nc3 g6 4. g3 Bg7 5. Bg2 0-0 6. e3 c6 7. Qb3 Kh8 8. Nge2 d6 9. 0-0 Qc7 10. d5 e5 11. dxe6 Bxe6 12. a4 Nbd7 13. Qa2 Nb6 14. b3 Rad8 15. Nd4 Bg8 16. a5 Nc8 17. a6 d5 18. cxd5 Nxd5 19. Bxd5 Bxd5 20. Nxd5 Rxd5 21. Ne6 Qd7 22. Nxf8 Bxf8 23. Bb2+ Kg8 24. axb7 Qxb7 25. Rfd1 Bb4 26. Rxd5 cxd5 27. Bd4 a5 28. Qc2 Ne7 29. Bc5 Kf7 30. Bxb4 Qxb4 31. Rc1 h6 32. Qc3 Qb6 33. Ra1 Nc6 34. Qh8 h5 35. Qh7+ Kf6 36. Qh8+ Kf7 37. Qc3 Ke6 38. Qg7 Ne5 39. Qg8+ Nf7 40. Qxg6+ 1-0

[Event "FRA-chT (Women)"]
[Site "Clermont Ferrand"]
[Date "2002.??.??"]
[Round "2.3"]
[White "Chauvin, Stephanie"]
[Black "Cario, Morgane"]
[Result "1/2-1/2"]
[WhiteElo "1820"]
[BlackElo "1830"]
[PlyCount "62"]
[EventDate "2002.??.??"]
[EventType "team"]
[EventRounds "3"]
[EventCountry "FRA"]
[SourceTitle "EXT 2003"]
[Source "ChessBase"]
[SourceDate "2002.11.25"]
[SourceVersion "1"]
[SourceVersionDate "2002.11.25"]
[SourceQuality "1"]

1. e4 c6 2. d4 d5 3. e5 Bf5 4. Nf3 e6 5. Bd3 Bxd3 6. Qxd3 Nd7 7. 0-0 Ne7 8. c3 Ng6 9. Re1 Be7 10. Nbd2 0-0 11. Nf1 c5 12. Ng3 cxd4 13. cxd4 Rc8 14. Bd2 Qb6 15. b3 Rc7 16. Rac1 Rfc8 17. Rxc7 Rxc7 18. Rc1 Rxc1+ 19. Bxc1 Qc7 20. Bd2 Nb8 21. Ne2 Nc6 22. Qc2 Qb6 23. h3 f6 24. exf6 Bxf6 25. Be3 Nge7 26. g4 g6 27. Nd2 Qb4 28. Qc1 Qb5 29. Nc3 Qb4 30. Ne2 Qb5 31. Nc3 Qb4 1/2-1/2